000 02076cam a22005054i 4500
003 PE-LiUPU
005 20250731165500.0
008 150623s r 000 0 d
020 _a8876531408
035 _a(Sirsi) i9788876531408
040 _aPE-LiUPU
_bspa
_cPE-LiUPU
_erda
049 _aPRUA
082 0 4 _a221.008
_bAB
_221
100 1 _aMiler, Jean,
_eautor.
245 1 0 _aLes citations d'accomplissement dans l'evangile de matthieu :
_bquand Dieu se rend présent en toute humanité.
_n140 /
_cJean Miler.
264 1 _aRoma :
_bEditrice Pontificio Istituto Biblico,
_c1999.
300 _a420 páginas ;
_c24 centímetros
336 _atext
_2rdacontent
337 _aunmediated
_2rdamedia
338 _avolume
_2rdacarrier
490 0 _aAnalecta Bíblica ;
_v140
504 _aIncluye bibliografía.
505 0 _aL'emmanuel. -Jesus, Lúnique, Israel et les nations. -La lumiere se leve sur Israel.. et les nations. -Lui, ce sont nos maladies qu'il a port'ees. -Avec "Discretions", le fils-serviteur annonce la KPIMIMAUX. -Parler de L'origine. -Dites a la fille de sion. -Le sang innocent versé au nom de laa loi. -"Emmanuel", Celui par qui Israel fut excédé.
526 _aSEG44
526 _aSEG26
526 _aP151
526 _aP150
526 _aP149
526 _aP146
526 _aP145
526 _aP126
526 _aP125
526 _aP92
526 _aP75
526 _aP74
526 _aP27
526 _aP15
630 _aBiblia.
_pN.T.
_pMateo
_xComentarios.
942 _2ddc
_cBOOK
949 _aRC 221.008 AB 140
_wDEWEY
_c1
_i46012
_lCCODEBUL1
_mBUL
_r0
_sY
_tBOOK
_u2015-6-24
_xTEOLOGIA
_PP35
_0COMPRA
_o.CIRCNOTE. No olvidar cambiar la fecha de devolución!!!!!!!
_o.STAFF. Colección General
994 _aC0
_bPEPRU
596 _a1
999 _aRC 221.008 AB 140
_wDEWEY
_c22795
_i46012
_f2021-11-8
_g6
_lCCODEBUL1
_mBUL
_r1
_sY
_tBOOK
_u2015-6-24
_xTEOLOGIA
_PP35
_0COMPRA
_o.CIRCNOTE. No olvidar cambiar la fecha de devolución!!!!!!!
_o.STAFF. Colección General
_d22795
980 _81
_gALBERTO SANCHEZ Responsable de Automatización